000 01411nam0a22002771 4500
001 rc\3583932
005 20260407122704.0
021 _aRU
_b[73-77733]
035 _a(NLR Aleph) 007805580
090 _a7696789
_c7696789
100 _a20130115d1973 |||y0rusy50 ca
101 0 _arus
102 _aRU
105 _aa z |||||
200 1 _aПовышение качества и надежности отливок из стали и жаропрочных сплавов
_eМатериалы к семинару 16-17 окт.
_fПод ред. канд. техн. наук И.В. Грузных
_gЛенингр. организация о-ва "Знание" РСФСР. Ленингр. обл. совет НТО. Ленингр. обл. правл. НТО машпром. Ленингр. дом науч.-техн. пропаганды
210 _aЛенинград
_cБ. и.
_d1973
215 _a101 с.
_cчерт.
_d20
320 _aСписки лит. в конце докл.
606 _aСтальное литье
_xКачество
_jСборники
_2psbo
702 1 _aГрузных
_bИ.В.
_gИннокентий Васильевич
_4340
712 0 2 _a"Знание", общество РСФСР
_bЛенинградское отделение
_3RU\NLR\AUTH\889959499
_9415170
801 0 _aRU
_bNLR
_gpsbo
801 1 _aRU
_bELAR
_2rusmarc
852 _aNLR
_j73-3/7263
942 _cBOOK
980 _aNB